[Event "English Schools Championship Final 2024"]
[Site "Nottingham University Kings Meadow Campus, United Kingdom"]
[Date "2024.06.28"]
[Round "5.54"]
[White "Sohi, Aarav"]
[Black "Saggi, Vedaant"]
[Result "1/2-1/2"]
[TimeControl "G50' + 10\" per move."]
[WhiteFideId "343408303"]
[BlackFideId "343415768"]
[WhiteElo "1431"]
[BlackElo "1517"]

1. d4 {[%clk 00:50:17]} {[%emt 01:07:02]} Nf6 {[%clk 00:49:57]} 2. c4 {[%clk
00:50:18]} {[%emt 00:00:33]} e6 {[%clk 00:49:45]} 3. Nc3 {[%clk 00:50:23]}
{[%emt 00:00:26]} d5 {[%clk 00:49:48]} 4. a3 {[%clk 00:49:57]} {[%emt
00:00:44]} c5 {[%clk 00:49:33]} 5. Nf3 {[%clk 00:49:22]} {[%emt 00:01:10]} Nc6
{[%clk 00:49:26]} 6. Bg5 {[%clk 00:48:47]} {[%emt 00:01:02]} cxd4 {[%clk
00:49:00]} 7. Nxd4 {[%clk 00:48:32]} {[%emt 00:01:01]} e5 {[%clk 00:48:45]} 8.
Nxc6 {[%clk 00:47:49]} {[%emt 00:01:17]} bxc6 {[%clk 00:48:42]} 9. cxd5 {[%clk
00:47:50]} {[%emt 00:00:24]} cxd5 {[%clk 00:48:24]} 10. Bxf6 {[%clk 00:47:40]}
{[%emt 00:00:47]} gxf6 {[%clk 00:48:02]} 11. Qxd5 {[%clk 00:47:40]} Be6 {[%clk
00:48:02]} 12. Qxd8+ {[%clk 00:47:40]} Rxd8 {[%clk 00:48:02]} 13. e3 {[%clk
00:47:40]} Rb8 {[%clk 00:48:02]} 14. Bb5+ {[%clk 00:47:40]} Kd8 {[%clk
00:48:02]} 15. Rd1+ {[%clk 00:47:40]} Kc8 {[%clk 00:48:02]} 16. Rd2 {[%clk
00:47:40]} Bc5 {[%clk 00:48:02]} 17. O-O {[%clk 00:47:40]} Rd8 {[%clk
00:48:02]} 18. Rxd8+ {[%clk 00:47:40]} Kxd8 {[%clk 00:48:02]} 19. Rd1+ {[%clk
00:47:40]} Ke7 {[%clk 00:48:02]} 20. Ba4 {[%clk 00:47:40]} a5 {[%clk 00:48:02]}
21. Nb5 {[%clk 00:47:40]} Bd7 {[%clk 00:48:02]} 22. b4 {[%clk 00:36:01]} {[%emt
00:21:02]} Bd6 {[%clk 00:42:24]} {[%emt 00:00:47]} 23. Nxd6 {[%clk 00:32:35]}
{[%emt 00:03:36]} Bxa4 {[%clk 00:42:01]} {[%emt 00:00:34]} 24. Nf5+ {[%clk
00:32:38]} {[%emt 00:00:06]} Ke6 {[%clk 00:42:05]} {[%emt 00:00:06]} 25. Ng7+
{[%clk 00:32:33]} {[%emt 00:00:15]} Ke7 {[%clk 00:42:04]} {[%emt 00:00:11]} 26.
Rb1 {[%clk 00:31:49]} {[%emt 00:00:53]} Bc2 {[%clk 00:40:34]} {[%emt 00:01:42]}
27. Rb2 {[%clk 00:31:24]} {[%emt 00:00:32]} Bg6 {[%clk 00:40:34]} {[%emt
00:00:12]} 28. e4 {[%clk 00:22:07]} {[%emt 00:09:27]} Bxe4 {[%clk 00:39:58]}
{[%emt 00:00:46]} 29. Nh5 {[%clk 00:22:02]} {[%emt 00:00:15]} axb4 {[%clk
00:38:00]} {[%emt 00:02:08]} 30. axb4 {[%clk 00:19:37]} {[%emt 00:02:34]} f5
{[%clk 00:36:29]} {[%emt 00:01:41]} 31. f3 {[%clk 00:17:20]} {[%emt 00:02:28]}
Bd3 {[%clk 00:34:40]} {[%emt 00:01:58]} 32. Ng3 {[%clk 00:16:18]} {[%emt
00:01:13]} Ke6 {[%clk 00:33:34]} {[%emt 00:01:16]} 33. Kf2 {[%clk 00:14:28]}
{[%emt 00:02:01]} f4 {[%clk 00:32:08]} {[%emt 00:01:36]} 34. Ne4 {[%clk
00:14:01]} {[%emt 00:00:33]} Kd5 {[%clk 00:32:00]} {[%emt 00:00:18]} 35. Ng5
{[%clk 00:02:26]} {[%emt 00:11:48]} f6 {[%clk 00:30:45]} {[%emt 00:01:26]} 36.
Ne4 {[%clk 00:01:44]} {[%emt 00:00:52]} Bxe4 {[%clk 00:30:41]} {[%emt
00:00:13]} 37. Rd2+ {[%clk 00:01:08]} {[%emt 00:00:46]} Kc4 {[%clk 00:29:50]}
{[%emt 00:01:01]} 38. fxe4 {[%clk 00:00:58]} {[%emt 00:00:20]} Rxb4 {[%clk
00:29:35]} {[%emt 00:00:26]} 39. Kf3 {[%clk 00:01:03]} {[%emt 00:00:05]} h5
{[%clk 00:28:01]} {[%emt 00:01:43]} 40. g3 {[%clk 00:00:21]} {[%emt 00:00:52]}
Rb3+ {[%clk 00:27:34]} {[%emt 00:00:37]} 41. Kg2 {[%clk 00:00:22]} {[%emt
00:00:09]} fxg3 {[%clk 00:23:01]} {[%emt 00:04:44]} 42. hxg3 {[%clk 00:00:18]}
{[%emt 00:00:13]} Rd3 {[%clk 00:23:04]} {[%emt 00:00:06]} 43. Re2 {[%clk
00:00:14]} {[%emt 00:00:15]} Kd4 {[%clk 00:14:48]} {[%emt 00:08:26]} 44. Rf2
{[%clk 00:00:19]} {[%emt 00:00:05]} Kxe4 {[%clk 00:14:47]} {[%emt 00:00:11]} 45.
Rxf6 {[%clk 00:00:27]} {[%emt 00:00:02]} Kd5 {[%clk 00:14:05]} {[%emt
00:00:52]} 46. Rf5 {[%clk 00:00:36]} {[%emt 00:00:01]} Rd2+ {[%clk 00:14:12]}
{[%emt 00:00:04]} 47. Kh3 {[%clk 00:00:41]} {[%emt 00:00:05]} Rd1 {[%clk
00:13:34]} {[%emt 00:00:48]} 48. Kg2 {[%clk 00:00:27]} {[%emt 00:00:23]} Rd2+
{[%clk 00:11:49]} {[%emt 00:01:55]} 49. Kh3 {[%clk 00:00:32]} {[%emt 00:00:06]}
Ke6 {[%clk 00:11:48]} {[%emt 00:00:11]} 50. Rxh5 {[%clk 00:00:30]} {[%emt
00:00:11]} e4 {[%clk 00:11:56]} {[%emt 00:00:02]} 51. Ra5 {[%clk 00:00:18]}
{[%emt 00:00:22]} e3 {[%clk 00:11:17]} {[%emt 00:00:49]} 52. Ra1 {[%clk
00:00:22]} {[%emt 00:00:07]} e2 {[%clk 00:11:11]} {[%emt 00:00:16]} 53. Re1
{[%clk 00:00:29]} {[%emt 00:00:03]} Kf5 {[%clk 00:10:44]} {[%emt 00:00:37]} 54.
Kg2 {[%clk 00:00:23]} {[%emt 00:00:16]} Kg4 {[%clk 00:10:45]} {[%emt 00:00:09]}
55. Kf2 {[%clk 00:00:31]} {[%emt 00:00:01]} Ra2 {[%clk 00:10:45]} {[%emt
00:00:10]} 56. Rxe2 {[%clk 00:00:35]} {[%emt 00:00:06]} Rxe2+ {[%clk 00:10:53]}
{[%emt 00:00:02]} 57. Kxe2 {[%clk 00:00:44]} {[%emt 00:00:02]} Kxg3 {[%clk
00:11:01]} {[%emt 00:00:01]} 58. Kd1 {[%emt 00:00:57]} 1/2-1/2

[Event "English Schools Championship Final 2024"]
[Site "Nottingham University Kings Meadow Campus, United Kingdom"]
[Date "2024.06.28"]
[Round "5.55"]
[White "Vaddhireddy, Sai"]
[Black "Misra, Advay"]
[Result "1-0"]
[TimeControl "G50' + 10\" per move."]
[WhiteFideId "499560"]
[BlackFideId "343436161"]
[WhiteElo "1896"]
[BlackElo "1533"]

1. d4 {[%clk 00:50:18]} Nf6 {[%clk 00:50:16]} {[%emt 00:00:06]} 2. c4 {[%clk
00:50:25]} {[%emt 00:00:02]} e6 {[%clk 00:50:21]} {[%emt 00:00:05]} 3. g3
{[%clk 00:50:32]} {[%emt 00:00:03]} Bb4+ {[%clk 00:50:25]} {[%emt 00:00:06]} 4.
Nd2 {[%clk 00:50:37]} {[%emt 00:00:05]} O-O {[%clk 00:50:14]} {[%emt 00:00:22]}
5. Bg2 {[%clk 00:50:45]} d5 {[%clk 00:50:10]} {[%emt 00:00:14]} 6. Ngf3 {[%clk
00:50:51]} {[%emt 00:00:04]} dxc4 {[%clk 00:49:14]} {[%emt 00:01:06]} 7. Qc2
{[%clk 00:50:43]} {[%emt 00:00:17]} Nc6 {[%clk 00:48:44]} {[%emt 00:00:40]} 8.
Qxc4 {[%clk 00:50:39]} {[%emt 00:00:14]} Re8 {[%clk 00:47:56]} {[%emt
00:00:59]} 9. O-O {[%clk 00:50:35]} {[%emt 00:00:14]} Bd6 {[%clk 00:47:12]}
{[%emt 00:00:54]} 10. Nb3 {[%clk 00:47:46]} {[%emt 00:02:59]} e5 {[%clk
00:46:42]} {[%emt 00:00:40]} 11. dxe5 {[%clk 00:46:54]} {[%emt 00:01:01]} Nxe5
{[%clk 00:46:20]} {[%emt 00:00:32]} 12. Nxe5 {[%clk 00:46:58]} {[%emt
00:00:06]} Bxe5 {[%clk 00:46:22]} {[%emt 00:00:08]} 13. Nc5 {[%clk 00:46:31]}
{[%emt 00:00:37]} Rb8 {[%clk 00:45:28]} {[%emt 00:01:04]} 14. Be3 {[%clk
00:44:45]} {[%emt 00:01:57]} b6 {[%clk 00:44:20]} {[%emt 00:01:18]} 15. Rad1
{[%clk 00:43:46]} {[%emt 00:01:08]} Qe7 {[%clk 00:44:01]} {[%emt 00:00:26]} 16.
Nd3 {[%clk 00:43:52]} {[%emt 00:00:08]} Bd6 {[%clk 00:42:50]} {[%emt 00:01:21]}
17. h3 {[%clk 00:43:06]} {[%emt 00:00:57]} Be6 {[%clk 00:42:35]} {[%emt
00:00:24]} 18. Qh4 {[%clk 00:42:08]} {[%emt 00:01:06]} Nd5 {[%clk 00:39:41]}
{[%emt 00:03:07]} 19. Qxe7 {[%clk 00:41:49]} {[%emt 00:00:28]} Nxe7 {[%clk
00:38:59]} {[%emt 00:00:52]} 20. a3 {[%clk 00:39:55]} {[%emt 00:02:04]} Rbd8
{[%clk 00:37:51]} {[%emt 00:01:18]} 21. b4 {[%clk 00:38:42]} {[%emt 00:01:23]}
Nf5 {[%clk 00:37:11]} {[%emt 00:00:50]} 22. Bg5 {[%clk 00:37:46]} {[%emt
00:01:05]} f6 {[%clk 00:36:06]} {[%emt 00:01:16]} 23. Bc1 {[%clk 00:37:53]}
{[%emt 00:00:03]} Bc4 {[%clk 00:34:26]} {[%emt 00:01:49]} 24. e4 {[%clk
00:35:58]} {[%emt 00:02:07]} Nd4 {[%clk 00:32:49]} {[%emt 00:01:46]} 25. Rfe1
{[%clk 00:35:25]} {[%emt 00:00:42]} Nc2 {[%clk 00:31:36]} {[%emt 00:01:24]} 26.
Re2 {[%clk 00:35:03]} {[%emt 00:00:31]} Nd4 {[%clk 00:30:13]} {[%emt 00:01:34]}
27. Red2 {[%clk 00:34:54]} {[%emt 00:00:19]} Nb3 {[%clk 00:29:42]} {[%emt
00:00:41]} 28. Rc2 {[%clk 00:34:46]} {[%emt 00:00:18]} Nxc1 {[%clk 00:29:26]}
{[%emt 00:00:26]} 29. Rxc4 {[%clk 00:33:20]} {[%emt 00:01:37]} Nxd3 {[%clk
00:28:54]} {[%emt 00:00:42]} 30. Rxd3 {[%clk 00:33:16]} {[%emt 00:00:13]} Be5
{[%clk 00:28:43]} {[%emt 00:00:22]} 31. Rxd8 {[%clk 00:32:34]} {[%emt
00:00:50]} Rxd8 {[%clk 00:28:47]} {[%emt 00:00:06]} 32. a4 {[%clk 00:32:25]}
{[%emt 00:00:20]} Rd1+ {[%clk 00:28:37]} {[%emt 00:00:20]} 33. Bf1 {[%clk
00:30:49]} {[%emt 00:01:45]} Rd4 {[%clk 00:28:32]} {[%emt 00:00:16]} 34. f4
{[%clk 00:30:21]} {[%emt 00:00:37]} Rxc4 {[%clk 00:28:34]} {[%emt 00:00:09]} 35.
Bxc4+ {[%clk 00:30:27]} {[%emt 00:00:04]} Kf8 {[%clk 00:27:43]} {[%emt
00:01:01]} 36. fxe5 {[%clk 00:30:32]} {[%emt 00:00:05]} fxe5 {[%clk 00:27:42]}
{[%emt 00:00:11]} 37. Kf2 {[%clk 00:30:24]} {[%emt 00:00:18]} Ke7 {[%clk
00:27:28]} {[%emt 00:00:24]} 38. Kf3 {[%clk 00:30:18]} {[%emt 00:00:16]} Kd6
{[%clk 00:27:12]} {[%emt 00:00:27]} 39. Kg4 {[%clk 00:30:17]} {[%emt 00:00:09]}
c5 {[%clk 00:27:14]} {[%emt 00:00:09]} 40. b5 {[%clk 00:30:18]} {[%emt
00:00:09]} Ke7 {[%clk 00:27:08]} {[%emt 00:00:15]} 41. Kf5 {[%clk 00:30:22]}
{[%emt 00:00:07]} Kd6 {[%clk 00:27:17]} {[%emt 00:00:02]} 42. h4 {[%clk
00:30:26]} {[%emt 00:00:05]} 1-0

[Event "English Schools Championship Final 2024"]
[Site "Nottingham University Kings Meadow Campus, United Kingdom"]
[Date "2024.06.28"]
[Round "5.56"]
[White "Mussa, Rayyan"]
[Black "De Silva, Sithun"]
[Result "0-1"]
[TimeControl "G50' + 10\" per move."]
[WhiteFideId "343422225"]
[BlackFideId "343419925"]
[WhiteElo "1599"]
[BlackElo "1776"]

1. e4 {[%clk 00:50:17]} {[%emt 00:00:03]} e6 {[%clk 00:50:19]} {[%emt
00:00:03]} 2. d4 {[%clk 00:50:17]} {[%emt 00:00:07]} d5 {[%clk 00:50:28]} 3.
Bd3 {[%clk 00:50:22]} {[%emt 00:00:07]} Nf6 {[%clk 00:48:46]} {[%emt 00:01:52]}
4. e5 {[%clk 00:50:13]} {[%emt 00:00:19]} Nfd7 {[%clk 00:48:53]} {[%emt
00:00:02]} 5. c3 {[%clk 00:49:54]} {[%emt 00:00:30]} c5 {[%clk 00:48:57]}
{[%emt 00:00:05]} 6. Nf3 {[%clk 00:49:47]} {[%emt 00:00:18]} Nc6 {[%clk
00:48:55]} {[%emt 00:00:11]} 7. a3 {[%clk 00:49:39]} {[%emt 00:00:19]} Qb6
{[%clk 00:47:40]} {[%emt 00:01:23]} 8. Bc2 {[%clk 00:49:37]} {[%emt 00:00:13]}
cxd4 {[%clk 00:46:10]} {[%emt 00:01:40]} 9. cxd4 {[%clk 00:49:38]} {[%emt
00:00:09]} f6 {[%clk 00:39:40]} {[%emt 00:06:40]} 10. exf6 {[%clk 00:44:49]}
{[%emt 00:04:58]} Nxf6 {[%clk 00:38:47]} {[%emt 00:01:03]} 11. Nc3 {[%clk
00:44:10]} {[%emt 00:00:49]} Bd7 {[%clk 00:38:09]} {[%emt 00:00:48]} 12. b4
{[%clk 00:43:36]} {[%emt 00:00:45]} Qc7 {[%clk 00:33:37]} {[%emt 00:04:42]} 13.
Ne2 {[%clk 00:42:58]} {[%emt 00:00:48]} Bd6 {[%clk 00:32:19]} {[%emt 00:01:27]}
14. O-O {[%clk 00:41:48]} {[%emt 00:01:21]} Rc8 {[%clk 00:31:18]} {[%emt
00:01:10]} 15. Ba4 {[%clk 00:40:13]} {[%emt 00:01:46]} O-O {[%clk 00:29:57]}
{[%emt 00:01:32]} 16. Re1 {[%clk 00:39:15]} {[%emt 00:01:08]} e5 {[%clk
00:29:17]} {[%emt 00:00:48]} 17. dxe5 {[%clk 00:39:07]} {[%emt 00:00:18]} Nxe5
{[%clk 00:29:16]} {[%emt 00:00:12]} 18. Ned4 {[%clk 00:37:48]} {[%emt
00:01:29]} Bg4 {[%clk 00:26:06]} {[%emt 00:03:21]} 19. h3 {[%clk 00:36:13]}
{[%emt 00:01:45]} Nxf3+ {[%clk 00:25:28]} {[%emt 00:00:48]} 20. Nxf3 {[%clk
00:35:54]} {[%emt 00:00:28]} Bxf3 {[%clk 00:25:31]} {[%emt 00:00:08]} 21. Qxf3
{[%clk 00:35:53]} {[%emt 00:00:11]} Ne4 {[%clk 00:25:27]} {[%emt 00:00:13]} 22.
Qd3 {[%clk 00:35:37]} {[%emt 00:00:26]} Bh2+ {[%clk 00:25:29]} {[%emt
00:00:09]} 23. Kh1 {[%clk 00:35:00]} {[%emt 00:00:45]} Nxf2# {[%clk 00:25:34]}
{[%emt 00:00:07]} 24. Qd1 {[%emt 00:00:25]} 0-1

[Event "English Schools Championship Final 2024"]
[Site "Nottingham University Kings Meadow Campus, United Kingdom"]
[Date "2024.06.28"]
[Round "5.57"]
[White "Khan, Raayaan"]
[Black "Wu, Nathaniel"]
[Result "1-0"]
[TimeControl "G50' + 10\" per move."]
[BlackFideId "343449000"]
[WhiteElo "1690"]
[BlackElo "1447"]

1. e4 {[%clk 00:50:17]} {[%emt 00:00:03]} c6 {[%clk 00:50:19]} {[%emt
00:00:03]} 2. d4 {[%clk 00:50:25]} d5 {[%clk 00:50:27]} 3. f3 {[%clk 00:50:24]}
{[%emt 00:00:11]} Nf6 {[%clk 00:50:07]} {[%emt 00:00:32]} 4. e5 {[%clk
00:49:39]} {[%emt 00:00:54]} Nfd7 {[%clk 00:50:07]} {[%emt 00:00:09]} 5. f4
{[%clk 00:49:34]} {[%emt 00:00:16]} e6 {[%clk 00:49:43]} {[%emt 00:00:33]} 6.
Nf3 {[%clk 00:49:23]} {[%emt 00:00:21]} c5 {[%clk 00:49:42]} {[%emt 00:00:12]}
7. c3 {[%clk 00:48:59]} {[%emt 00:00:33]} Nc6 {[%clk 00:49:41]} {[%emt
00:00:11]} 8. Be2 {[%clk 00:47:47]} {[%emt 00:01:23]} Qb6 {[%clk 00:49:34]}
{[%emt 00:00:17]} 9. O-O {[%clk 00:45:52]} {[%emt 00:02:04]} Be7 {[%clk
00:48:50]} {[%emt 00:00:54]} 10. b3 {[%clk 00:44:13]} {[%emt 00:01:49]} cxd4
{[%clk 00:45:34]} {[%emt 00:03:26]} 11. cxd4 {[%clk 00:44:01]} {[%emt
00:00:22]} O-O {[%clk 00:43:34]} {[%emt 00:02:10]} 12. Bb2 {[%clk 00:41:57]}
{[%emt 00:02:14]} f6 {[%clk 00:41:57]} {[%emt 00:01:48]} 13. Kh1 {[%clk
00:40:19]} {[%emt 00:01:48]} f5 {[%clk 00:40:58]} {[%emt 00:01:09]} 14. Na3
{[%clk 00:37:17]} {[%emt 00:03:11]} Re8 {[%clk 00:40:09]} {[%emt 00:00:58]} 15.
Nc2 {[%clk 00:34:40]} {[%emt 00:02:49]} Nf8 {[%clk 00:40:09]} {[%emt 00:00:10]}
16. g3 {[%clk 00:33:15]} {[%emt 00:01:34]} Bd7 {[%clk 00:36:57]} {[%emt
00:03:21]} 17. Kg2 {[%clk 00:32:49]} {[%emt 00:00:38]} Rac8 {[%clk 00:36:24]}
{[%emt 00:00:43]} 18. h3 {[%clk 00:30:48]} {[%emt 00:02:10]} Qd8 {[%clk
00:34:41]} {[%emt 00:01:52]} 19. Bd3 {[%clk 00:28:39]} {[%emt 00:02:21]} Ng6
{[%clk 00:34:18]} {[%emt 00:00:33]} 20. Nh2 {[%clk 00:27:06]} {[%emt 00:01:43]}
Rf8 {[%clk 00:30:46]} {[%emt 00:03:37]} 21. Ne3 {[%clk 00:25:16]} {[%emt
00:02:04]} Nb4 {[%clk 00:29:49]} {[%emt 00:01:07]} 22. Bb1 {[%clk 00:25:04]}
{[%emt 00:00:23]} Bb5 {[%clk 00:25:55]} {[%emt 00:04:04]} 23. Rf2 {[%clk
00:24:45]} {[%emt 00:00:29]} Qb6 {[%clk 00:24:42]} {[%emt 00:01:20]} 24. a3
{[%clk 00:20:13]} {[%emt 00:04:45]} Na6 {[%clk 00:23:44]} {[%emt 00:01:07]} 25.
g4 {[%clk 00:19:20]} {[%emt 00:01:04]} fxg4 {[%clk 00:20:36]} {[%emt 00:03:17]}
26. Qxg4 {[%clk 00:19:17]} {[%emt 00:00:12]} Be8 {[%clk 00:19:49]} {[%emt
00:00:59]} 27. b4 {[%clk 00:18:08]} {[%emt 00:01:19]} Nc7 {[%clk 00:17:59]}
{[%emt 00:02:00]} 28. f5 {[%clk 00:17:50]} {[%emt 00:00:28]} Nxe5 {[%clk
00:17:09]} {[%emt 00:01:00]} 29. dxe5 {[%clk 00:17:32]} {[%emt 00:00:28]} Qxe3
{[%clk 00:17:03]} {[%emt 00:00:16]} 30. f6 {[%clk 00:17:30]} {[%emt 00:00:12]}
Rf7 {[%clk 00:15:22]} {[%emt 00:01:51]} 31. Bd4 {[%clk 00:16:11]} {[%emt
00:01:28]} Qh6 {[%clk 00:14:23]} {[%emt 00:01:09]} 32. Nf1 {[%clk 00:14:10]}
{[%emt 00:02:11]} Nb5 {[%clk 00:14:00]} {[%emt 00:00:34]} 33. Be3 {[%clk
00:13:26]} {[%emt 00:00:54]} Qg6 {[%clk 00:13:25]} {[%emt 00:00:45]} 34. Bxg6
{[%clk 00:13:16]} {[%emt 00:00:10]} 1-0

[Event "English Schools Championship Final 2024"]
[Site "Nottingham University Kings Meadow Campus, United Kingdom"]
[Date "2024.06.28"]
[Round "5.58"]
[White "Swinburn, Barnaby"]
[Black "Wilkinson, Hugo"]
[Result "1-0"]
[TimeControl "G50' + 10\" per move."]
[WhiteElo "1447"]
[BlackElo "1553"]

1. e4 {[%emt 00:00:09]} c5 {[%clk 00:50:11]} {[%emt 00:00:03]} 2. c3 {[%clk
00:50:22]} {[%emt 00:00:07]} e6 {[%clk 00:49:54]} {[%emt 00:00:26]} 3. d4
{[%clk 00:50:24]} {[%emt 00:00:07]} cxd4 {[%clk 00:49:53]} {[%emt 00:00:11]} 4.
cxd4 {[%clk 00:50:26]} {[%emt 00:00:07]} Nc6 {[%clk 00:49:54]} {[%emt
00:00:09]} 5. Nf3 {[%clk 00:50:22]} {[%emt 00:00:15]} Nf6 {[%clk 00:49:52]}
{[%emt 00:00:12]} 6. Nc3 {[%clk 00:50:12]} {[%emt 00:00:19]} Bb4 {[%clk
00:49:50]} {[%emt 00:00:13]} 7. Bd3 {[%clk 00:49:40]} {[%emt 00:00:43]} a6
{[%clk 00:49:13]} {[%emt 00:00:47]} 8. Bg5 {[%clk 00:48:52]} {[%emt 00:00:57]}
h6 {[%clk 00:48:15]} {[%emt 00:01:08]} 9. Bh4 {[%clk 00:48:39]} {[%emt
00:00:23]} Be7 {[%clk 00:48:01]} {[%emt 00:00:23]} 10. e5 {[%clk 00:48:09]}
{[%emt 00:00:40]} Ng8 {[%clk 00:47:37]} {[%emt 00:00:35]} 11. Bxe7 {[%clk
00:47:36]} {[%emt 00:00:42]} Ngxe7 {[%clk 00:47:30]} {[%emt 00:00:17]} 12. Ne4
{[%clk 00:47:15]} {[%emt 00:00:32]} Qa5+ {[%clk 00:46:27]} {[%emt 00:01:13]} 13.
Qd2 {[%clk 00:46:32]} {[%emt 00:00:52]} Qxd2+ {[%clk 00:46:28]} {[%emt
00:00:08]} 14. Nexd2 {[%clk 00:46:34]} {[%emt 00:00:09]} Nb4 {[%clk 00:45:17]}
{[%emt 00:01:23]} 15. Be4 {[%clk 00:45:08]} {[%emt 00:01:35]} Rb8 {[%clk
00:44:16]} {[%emt 00:01:11]} 16. a3 {[%clk 00:44:47]} {[%emt 00:00:31]} Nbc6
{[%clk 00:44:21]} {[%emt 00:00:05]} 17. Nc4 {[%clk 00:44:21]} {[%emt 00:00:36]}
O-O {[%clk 00:43:31]} {[%emt 00:01:00]} 18. Nb6 {[%clk 00:43:38]} {[%emt
00:00:52]} f5 {[%clk 00:42:11]} {[%emt 00:01:32]} 19. exf6 {[%clk 00:42:54]}
{[%emt 00:00:51]} Rxf6 {[%clk 00:41:27]} {[%emt 00:00:55]} 20. Ne5 {[%clk
00:39:43]} {[%emt 00:03:22]} Nxe5 {[%clk 00:39:02]} {[%emt 00:02:34]} 21. dxe5
{[%clk 00:39:30]} {[%emt 00:00:23]} Nf5 {[%clk 00:35:15]} {[%emt 00:03:58]} 22.
exf6 {[%clk 00:38:46]} {[%emt 00:00:52]} d5 {[%clk 00:35:07]} {[%emt 00:00:20]}
23. Rc1 {[%clk 00:37:58]} {[%emt 00:00:58]} dxe4 {[%clk 00:34:21]} {[%emt
00:00:55]} 24. Rxc8+ {[%clk 00:37:48]} {[%emt 00:00:19]} Rxc8 {[%clk 00:34:22]}
{[%emt 00:00:10]} 25. Nxc8 {[%clk 00:37:51]} {[%emt 00:00:07]} gxf6 {[%clk
00:34:26]} {[%emt 00:00:07]} 26. g4 {[%clk 00:37:17]} {[%emt 00:00:43]} Nh4
{[%clk 00:34:27]} {[%emt 00:00:10]} 27. O-O {[%clk 00:36:44]} {[%emt 00:00:43]}
Nf3+ {[%clk 00:33:52]} {[%emt 00:00:45]} 28. Kg2 {[%clk 00:36:39]} {[%emt
00:00:15]} f5 {[%clk 00:33:01]} {[%emt 00:01:02]} 29. gxf5 {[%clk 00:36:31]}
{[%emt 00:00:17]} exf5 {[%clk 00:32:59]} {[%emt 00:00:12]} 30. Ne7+ {[%clk
00:36:25]} {[%emt 00:00:16]} Kf7 {[%clk 00:32:21]} {[%emt 00:00:48]} 31. Nxf5
{[%clk 00:36:22]} {[%emt 00:00:12]} Kf6 {[%clk 00:32:21]} {[%emt 00:00:11]} 32.
Nxh6 {[%clk 00:36:05]} {[%emt 00:00:26]} Kg6 {[%clk 00:32:29]} {[%emt
00:00:04]} 33. Ng4 {[%clk 00:35:58]} {[%emt 00:00:16]} Kg5 {[%clk 00:32:23]}
{[%emt 00:00:17]} 34. Ne3 {[%clk 00:35:44]} {[%emt 00:00:22]} Nh4+ {[%clk
00:32:16]} {[%emt 00:00:18]} 35. Kg3 {[%clk 00:35:24]} {[%emt 00:00:29]} Nf3
{[%clk 00:31:35]} {[%emt 00:00:52]} 36. Rd1 {[%clk 00:34:51]} {[%emt 00:00:43]}
1-0